000 00771nam a2200253Ia 4500
003 OSt
005 20220918174511.0
006 a|||||r|||| 00| 0
007 ta
008 220917b |||||||| |||| 00| 0 eng d
024 _a12,532
037 _cTextual
040 _aARTS
_cARTS
_beng
041 _2eng
_aeng
082 _aMY6:(Z641):N25, 122G0 906
100 _aGraim Tordis Ed.
_950713
110 _aCongo
_950714
245 0 _aCongo Belge legislation edictee durant les annees 1925-1929 Revue international de legislation pour la protection de la Nature
260 _c1930
650 _aINDUSTRIAL ARTS
700 _aCongo
_950715
942 _hMY6:(Z641):N25, 122G0 906
_cTEXL
_2CC
999 _c153417
_d153417